| 000 | 01813cam a2200157 4500500 | ||
|---|---|---|---|
| 005 | 20260301000223.0 | ||
| 041 | _afre | ||
| 042 | _adc | ||
| 100 | 1 | 0 |
_aAngelidou, Aliki _eauthor |
| 245 | 0 | 0 | _aEconomías domésticas en la era de la policrisis: Poder adquisitivo y clase media en una ciudad provincial griega |
| 260 | _c2026. | ||
| 500 | _a11 | ||
| 520 | _aEste artículo trata sobre las estrategias adoptadas ante la actual policrisis por tres hogares de una ciudad provincial del oeste de Grecia. El análisis se basa en una concepción relacional y sintética del concepto de «clase media», que tiene en cuenta tanto las diversas definiciones de los actores sociales como las relaciones de poder estructurales más amplias que dan forma a estas definiciones. Los hogares urbanos proponen diferentes criterios para identificarse con esta última, a saber, la propiedad inmobiliaria, el empleo público o el consumo. Como sugiere nuestro análisis, el consumo y la demostración del poder adquisitivo, aunque sea limitado, sirven en última instancia para formar parte de la clase media, cuando se han perdido todas las demás posibilidades de pertenecer a ella. El poder adquisitivo se aborda entonces no solo como un indicador económico, sino también como un elemento de la identidad individual y colectiva que se encuentra en plena redefinición en un momento de reestructuración socioeconómica. Por otra parte, esta búsqueda de la preservación de su estatus social lleva a los hogares a conformarse con las transformaciones globales actuales que, en la mayoría de los casos, no hacen más que agravar su situación. | ||
| 786 | 0 | _nL'Homme | 255-256 | 3-4 | 2026-01-27 | p. 51-74 | 0439-4216 | |
| 856 | 4 | 1 | _uhttps://shs.cairn.info/revista-lhomme-2025-3-4-page-51?lang=es&redirect-ssocas=7080 |
| 999 |
_c1671170 _d1671170 |
||